00353nam a2200145Ia 4500008004100000041000800041082001400049100003800063245003400101250000800135260002300143300000800166542001500174650001800189220531s9999 xx 000 0 und d aeng bPAR / PAR aPardeshi, P. C. / Pardeshi, S. C. aMercantile And Industrial Law a1ST aBombaybSethc1992 a384 d01-01-2010 aMercatile Law